000 00451cam a2200169ua 4500
001 17480
008 060101n II |||gr||||Z||||||eng
040 _aMAIN
041 _aEnglish
082 _a531.11 SAH
100 _aGANGULY, SHAMBHUNATH.
245 _aANALYTICAL DYNAMICS OF A PARTICLE INCLUDING ELEMENTS OF STATICS
260 _aLONDON:
_bNEW CENTRAL BOOK AGENCY.,
_c2010.
300 _a432:
_c20CM.
700 _aSAHA, SURANJAN.
942 _cBK
999 _c17363
_d17363